000 00742cam a2200241 a 4500
001 4001817
005 20180221050852.0
008 960429s1997 nhua b 000 0 eng
010 _a 96083280
020 _a1884548067
040 _aDLC
_cDLC
_dDLC
041 _aeng
043 _an-us---
080 _a37 BIL
100 1 _a48
101 _aEDU
245 1 0 _aCreating & managing learning centers :
_cby Phoebe Bell Ingraham.
246 3 _aCreating and managing learning centers
504 _aIncludes bibliographical references.
906 _a7
_bcbc
_corignew
_d3
_eopcn
_f19
_gy-gencatlg
942 _2ddc
_cBK
999 _c43032
_d43032